Datum a čas kvízu
21.5
Celkem bodů
Celkový počet nahraných bodů na tomto kvízu bez doplňovacích otázek.
11.
Pořadí na kvízu
Konečné umístění týmu na tomto kvízu.
Zaznamenané odpovědi
| # | Otázka | Odpověď | Body | Výsledky |
|---|---|---|---|---|
| 1. | V Kolíně v sobotu proběhlo mno... | Hotel Theresia | 1 | |
| 2. | Mezinárodní tým záchranářů v ú... | v Turecku | 1 | |
| 3. | Jak se nazývá historické drama... | Bratři | 0 | |
| 4. | Ve které zemi vydal telekomuni... | ve Francii | 1 | |
| 5. | Která tenistka, světová jednič... | Simona Halep | 0 | |
| 6. | Anglický výraz GOAT zkracuje o... | Eddy Merckx | 0 | |
| 7. | Nejrychlejší muž planety a osm... | Carl Lewis | 0 | |
| 8. | Pokud se kohokoliv zeptáte na... | 1C 2B 3D 4A | 0 | |
| 9. | Ve voze které stáje vyhrál své... | Benetton | 0 | |
| 10. | V březnu 2023 tato americká ly... | Mikaela Shiffrin | 0 |